| 000 | 01180cam a2200361 a 4500 | ||
|---|---|---|---|
| 999 |
_c23692 _d23692 |
||
| 001 | vtls009949044 | ||
| 005 | 20241216141924.0 | ||
| 008 | 240318s2009 xo ol f 000 0 slo | ||
| 020 |
_a9788080613624 _q(viaz.) |
||
| 035 | _a6A6D6ACA-D099-405F-9F3F-A41217D0310E | ||
| 035 | _aurn:nbn:sk:snk-amk28g | ||
| 035 | _aurn:nbn:sk:snk-am0086r5 | ||
| 040 |
_aSNK _bslo _cSNK _eAACR2 |
||
| 041 | 0 | _aslo | |
| 044 |
_axo _cSK |
||
| 072 | 7 |
_a575 _xVšeobecná genetika. Všeobecná cytogenetika. Evolúcia _2konspekt |
|
| 080 |
_a575.858 _22001 |
||
| 080 |
_a001.5 _22001 |
||
| 080 |
_a(0:82-4) _22001 |
||
| 100 | 1 |
_aMalohradňanský, Paľo, _d1934- _4aut _94264 |
|
| 245 | 1 | 0 |
_aO živote bez vedy (?) _cPaľo Malohradňanský |
| 250 | _a1. vyd. | ||
| 260 |
_aBratislava _bVydavateľstvo Spolku slovenských spisovateľov _c2009 |
||
| 300 |
_a92 s. _bfotogr., sch. _c21 cm |
||
| 500 | _aPozn. | ||
| 650 | 0 | 7 |
_aevolučné teórie _2SNKPH _94265 |
| 650 | 0 | 7 |
_avedecké teórie _2SNKPH _94266 |
| 650 | 0 | 7 |
_aEvolutionary theories _2SNKPHeng _94267 |
| 650 | 0 | 7 |
_aScientific theories _2SNKPHeng _94268 |
| 655 | 7 |
_aúvahy _2SNKPH _91703 |
|
| 655 | 7 |
_aEssays _2SNKPHeng _91704 |
|
| 958 | _aNB | ||